Journeys to the Ends of the Universe (Record no. 14947)

MARC details
000 -LEADER
fixed length control field 00565nam a2200181Ia 4500
003 - CONTROL NUMBER IDENTIFIER
control field IN-BaIIA
008 - FIXED-LENGTH DATA ELEMENTS--GENERAL INFORMATION
fixed length control field 211028s9999 xx 000 0 eng d
020 ## - INTERNATIONAL STANDARD BOOK NUMBER
International Standard Book Number 0-7503-0037-X
040 ## - CATALOGING SOURCE
Transcribing agency IIA Library
080 ## - UNIVERSAL DECIMAL CLASSIFICATION NUMBER
Universal Decimal Classification number 524.834
Item number KIT
100 ## - MAIN ENTRY--PERSONAL NAME
Personal name Kitchin, C. R
9 (RLIN) 13740
245 #0 - TITLE STATEMENT
Title Journeys to the Ends of the Universe
Remainder of title a guided tour of the beginnings and endings of planets,stars, galaxies and the universe
Statement of responsibility, etc. C. R. Kitchin
260 ## - PUBLICATION, DISTRIBUTION, ETC.
Place of publication, distribution, etc. Bristol
Name of publisher, distributor, etc. Adam Hilger
Date of publication, distribution, etc. 2002
300 ## - PHYSICAL DESCRIPTION
Extent ix, 198p.
650 ## - SUBJECT ADDED ENTRY--TOPICAL TERM
Topical term or geographic name entry element Nearest Star
9 (RLIN) 27029
650 ## - SUBJECT ADDED ENTRY--TOPICAL TERM
Topical term or geographic name entry element Universe
9 (RLIN) 1987
942 ## - ADDED ENTRY ELEMENTS (KOHA)
Koha item type Books
Holdings
Withdrawn status Lost status Damaged status Not for loan Home library Current library Shelving location Date acquired Source of acquisition Cost, normal purchase price Total Checkouts Full call number Barcode Date last seen Cost, replacement price Price effective from Koha item type Purchase Price
        IIA Library-Bangalore IIA Library-Kavalur General Stacks 24/02/2003 ANJ 1827.70   524.834/ KIT 15869 05/11/2021 1827.70 24/02/2003 Books Rs. 1827.70

Powered by Koha